Liegt diese Stadt in England, Schottland, Wales oder Irland - Statistiken

Allgemein
  • Dieses Quiz wurde 180 mal gespielt
  • Das Durchschnittsergebnis liegt bei 11 aus 16
Antwortstatistiken
Frage Antwort % Korrekt
Edinburgh
95%
Birmingham
95%
Oxford
93%
Leicester
92%
Bristol
88%
Aberdeen
88%
Cardiff
81%
Cork
74%
Swansea
71%
Dundee
69%
Galway
68%
Limerick
68%
Sligo
63%
Wrexham
44%
St. Andrews
27%
Newport
25%
Keine übereinstimmenden Quizze gefunden
Verteilung der Resultate
Anzahl Personen mit jedem Resultat
Perzentil nach korrekt beantworteten Fragen
Ihre Resultats-Entwicklung
Sie haben dieses Quiz noch nicht gespielt